| 000 | 00667nam a2200277Ia 4500 | ||
|---|---|---|---|
| 008 | 210210b2010 xxu||||| |||| 00| 0 eng d | ||
| 020 | _a9788174822154 | ||
| 041 | _aeng | ||
| 082 | _a032.02 PRAU | ||
| 100 | _aPRATIYOGITA DARPAN | ||
| 245 | _aUpkars UGC NET/JRF/SLET: teaching and research aptitude (general paper-I) | ||
| 260 |
_aAgra _bUpkar Prakashan _c2010 |
||
| 300 | _axv,432 | ||
| 650 | _aUpkar | ||
| 650 | _aUGC | ||
| 650 | _ateaching | ||
| 650 | _as | ||
| 650 | _aresearch | ||
| 650 | _apaper-I) | ||
| 650 | _aNET/JRF/SLET: | ||
| 650 | _aaptitude | ||
| 650 | _aand | ||
| 650 | _a(general | ||
| 690 | _aUGC/NET Exams | ||
| 906 | _a065037 | ||
| 999 |
_c141636 _d141636 |
||